| 000 | 00410nam a2200193Ia 4500 | ||
|---|---|---|---|
| 005 | 20251020182519.0 | ||
| 008 | 200515s9999 xx 000 0 und d | ||
| 082 | _a69.022/F57 | ||
| 100 | _aFISHER, Robert | ||
| 245 | 0 | _aParedes | |
| 260 | _aBarcelona | ||
| 260 | _c1976 | ||
| 500 | _a1 ejemplar | ||
| 650 | _aLADRILLOS | ||
| 650 | _aLIB | ||
| 650 | _aMUROS | ||
| 650 | _aREVESTIMIENTOS | ||
| 942 | _cLIB | ||
| 999 |
_c1693 _d1693 |
||